000 00557nam a2200229Ia 4500
005 20250425162208.0
008 250425s9999 xx 000 0 und d
020 _a9702602386
041 _aspa
082 _a658.15
100 _aVAN HORNE, JAMES C.
245 0 _aFUNDAMENTOS DE ADMINISTRACION FINANCIERA
250 _a11A ED.
260 _aMEXICO
260 _aMéxico
_bPEARSON EDUCACION
_c2002
300 _a743
650 _aADMINISTRACION FINANCIERA
650 _aPRESUPUESTOS
650 _aVALORACION
942 _c01
010 _a55403
999 _c224282
_d224282